Travis Scott Knowledge Quiz 2 - Statistics

General Stats
  • This quiz has been taken 22 times
  • The average score is 12 of 15
Answer Stats
Question Answer % Correct
What is Travis Scott's Nickname? La Flame
100%
Which artist was one of Travis Scott's mentors? Kanye West
95%
Who is Travis Scott's primary influence and favorite artist? Kid Cudi
95%
What's Travis Scott's longest song? 3500
85%
How many solo studio albums does Travis Scott have as of April 2026? 4
85%
What's the outro track to ASTROWORLD? COFFEE BEAN
85%
Which song on JACKBOYS features Pop Smoke? GATTI
85%
What song on Days before Rodeo does NOT have a feature? Zombies
85%
Which song on JACKBOYS 2 features SahBabii? BEEP BEEP
80%
Which song on UTOPIA does NOT have a feature? SIRENS
75%
What's the intro track to Birds in the trap sing McKnight? the ends
75%
What's Travis Scott's highest Streamed feature on Spotify? ZEZE (Kodak Black)
75%
What was Travis Scott's first song to chart on the Billboard Hot 100? Antidote
70%
What's the intro track to Huncho Jack, Jack Huncho? Modern Slavery
70%
What's the first Travis Scott Album to chart at Number 1 on the Billboard? Birds in the trap sing McKnight
15%
No matching quizzes found
Score Distribution
Percent of People with Each Score
Percentile by Number Answered
Your Score History
You have not taken this quiz